000 00476nam a2200205Ia 4500
001 12320
003 GE_BSU
008 181216s||||||||xx |||||||||||||| ||und||
020 _a9780330309554
040 _cGE_BSU
080 _a821.111-312.4
100 _aAdams,Douglas
245 4 _aThe long dark Tea-Time of the Soul
260 _aLondon
260 _bPan books
260 _c1988
300 _a247p.18cm.
653 _aThe long dark Tea-Time of the Soul
942 _cBK
999 _c45495
_d45495